Oeuvres complètes de Gringore / (Record no. 154800)

MARC details
000 -LEADER
campo de control de longitud fija 01523nam a22002415i 4500
001 - NÚMERO DE CONTROL
campo de control 154800
003 - IDENTIFICADOR DE NÚMERO DE CONTROL
campo de control ES-MaACL
005 - FECHA Y HORA DE LA ÚLTIMA TRANSACCIÓN
campo de control 20251209194434.0
008 - DATOS DE LONGITUD FIJA--INFORMACIÓN GENERAL
campo de control de longitud fija 040713s1858 fr |||| | fre d
040 ## - FUENTE DE CATALOGACIÓN
Centro catalogador/agencia de origen CAM
Lengua de catalogación spa
Centro/agencia transcriptor CAM
100 1# - ENTRADA PRINCIPAL--NOMBRE DE PERSONA
Nombre de persona Gringore, Pierre,
Fechas asociadas al nombre 1475?-1538?
9 (RLIN) 154445
245 10 - MENCIÓN DEL TÍTULO
Título Oeuvres complètes de Gringore /
Mención de responsabilidad, etc. réunies pour la première fois par MM. Ch. d'Hericoult et A. de Montaiglon.
260 ## - PUBLICACIÓN, DISTRIBUCIÓN, ETC.
Lugar de publicación, distribución, etc. A Paris :
Nombre del editor, distribuidor, etc. chez P. Jannet, libraire,
Fecha de publicación, distribución, etc. 1858 (
Fabricante Imprimé par E. Thunot et Cie.)
300 ## - DESCRIPCIÓN FÍSICA
Extensión 2 v. ;
Dimensiones 17 cm.
505 8# - NOTA DE CONTENIDO CON FORMATO
Nota de contenido con formato Contiene: t. 1.Œoeuvres politiques. - Dédicace. - Gringore et la politique bourgeoise au XVIe siécle. - Les folles entreprises. - L'entreprise de Venise, avecques les citez, chasteaux, forteresses et places qui usurpent les Véniciens des roys, princes et seigneurs crestiens. - La chasse du cerf des cerfs. - L'espoir de paix. - La Coqueluche. - Le jeu du prince des sotz et mère sotte. - Blazon des hérétiques. - t. 2. Mystère inédit de Saint Louis. - La vie Monseigneur Sainct Loys. - L'obstination des Suisses
594 ## - Nota al título y mención de responsabilidad
Nota al título y mención de responsabilidad La segunda parte recopilada por A. de Montaiglon y J. de Rothschild.
596 ## - NOTA AL PIE DE IMPRENTA
NOTA AL PIE DE IMPRENTA En el colofón consta: "... avec les caractères elzeviriens de P. Jannet"
700 1# - ENTRADA AGREGADA--NOMBRE PERSONAL
Nombre de persona Montaiglon, Anatole de,
Fechas asociadas al nombre 1824-1895
9 (RLIN) 130075
700 1# - ENTRADA AGREGADA--NOMBRE PERSONAL
Nombre de persona Héricault, Charles de Ricault d',
Fechas asociadas al nombre 1823-1899
9 (RLIN) 154452
700 1# - ENTRADA AGREGADA--NOMBRE PERSONAL
Nombre de persona Rothschild, James de,
Fechas asociadas al nombre 1844-1881
9 (RLIN) 154446
852 ## - LOCALIZACIÓN
Ubicación ES-MaACL
Número de control de estantería G-2293-94
Nota libre -- Enc. tela grabada
Holdings
Estatus retirado Estado de pérdida Estado de daño No para préstamo Colección Biblioteca de origen Biblioteca actual Ubicación en estantería Fecha de adquisición Total de préstamos Signatura topográfica completa Código de barras Visto por última vez Precio de reemplazo Tipo de ítem Koha
        Libros del s. XIX Biblioteca del Ateneo de Madrid Biblioteca del Ateneo de Madrid Depósito 2 17/01/2008   G-2293-94 1161912 23/02/2023 23/02/2023 Libro impreso antiguo